000 00961nam0a22002891 4500
001 RU\INGAK2\INFOCOMM_322\NLR\5000152029
005 20250625202710.0
035 _a(NLR Aleph) 011030445
090 _a11107161
_c11107161
100 _a20130205d1955 |||y0rusy50 ca
101 0 _aspa
102 _aRU
105 _ay z||||
200 1 _aEl Poder Soviético y la situación de la mujer
_aEl Día internacional de las obreras
210 _aM.
_cEd. en lenguas extranjeras
_d1955
215 _a16 с.
_d20 см
500 1 0 _6z01702
_aEl Día internacional de las obreras
_mspa
620 _aМосква
686 _aМ-Л160
_2rubbk
700 1 _aLenin
_bV. I.
_f1870-1924
_gVladimir Il'ič
702 1 _6z01500
_9z02790
_aLenin
_bV. I.
_f1870-1924
_gVladimir Il'ič
_4570
790 1 _9z02702
_aLenin
_bV. I.
_gVladimir Ilich
_4245
801 1 _aRU
_bInfoComm
_c20130205
801 0 _aRU
_bNLR
_gPSBO
852 _aNLR
_jЛ 112-Сб/2-1
_y2 экз.
942 _cBOOK
980 _aNB